<?xml version="1.0" encoding="UTF-8"?>
<record
    xmlns:xsi="http://www.w3.org/2001/XMLSchema-instance"
    xsi:schemaLocation="http://www.loc.gov/MARC21/slim http://www.loc.gov/standards/marcxml/schema/MARC21slim.xsd"
    xmlns="http://www.loc.gov/MARC21/slim">

  <leader>01411nas a2200301   4500</leader>
  <controlfield tag="001">114414</controlfield>
  <controlfield tag="003">DR-UNIBE</controlfield>
  <controlfield tag="005">20260514093943.0</controlfield>
  <controlfield tag="008">260304b2010    fr ||||| |||| 00| 0 fre d</controlfield>
  <datafield tag="022" ind1=" " ind2=" ">
    <subfield code="a">2112-2679</subfield>
  </datafield>
  <datafield tag="040" ind1=" " ind2=" ">
    <subfield code="a">Biblioteca UNIBE</subfield>
    <subfield code="c">Biblioteca UNIBE</subfield>
  </datafield>
  <datafield tag="041" ind1=" " ind2=" ">
    <subfield code="a">fre</subfield>
  </datafield>
  <datafield tag="082" ind1=" " ind2=" ">
    <subfield code="2">22</subfield>
    <subfield code="a">PP 342.44 F817n</subfield>
  </datafield>
  <datafield tag="110" ind1="1" ind2=" ">
    <subfield code="a">Francia.</subfield>
    <subfield code="b">Consejo Constitucional</subfield>
    <subfield code="9">202937</subfield>
    <subfield code="e">autor</subfield>
  </datafield>
  <datafield tag="245" ind1="1" ind2="4">
    <subfield code="a">Les nuoveaux cahiers du conseil constitutionnel</subfield>
  </datafield>
  <datafield tag="260" ind1=" " ind2=" ">
    <subfield code="a">Par&#xED;s :</subfield>
    <subfield code="b">&#xC9;ditions Dalloz :</subfield>
    <subfield code="b">Conseil Constitutionnel,</subfield>
    <subfield code="c">2010</subfield>
  </datafield>
  <datafield tag="300" ind1=" " ind2=" ">
    <subfield code="a">vol&#xFA;menes ;</subfield>
    <subfield code="c">24 cm</subfield>
  </datafield>
  <datafield tag="310" ind1=" " ind2=" ">
    <subfield code="a">Trimestral</subfield>
  </datafield>
  <datafield tag="362" ind1=" " ind2=" ">
    <subfield code="a">N&#xFA;mero 29 (abril-junio 2010) - n&#xFA;mero 31 (octubre-diciembre 2010) - n&#xFA;mero 32 (enero-marzo 2011)</subfield>
  </datafield>
  <datafield tag="500" ind1=" " ind2=" ">
    <subfield code="a">Es continuaci&#xF3;n de: Les Cahiers du Conseil Constitutionnel</subfield>
  </datafield>
  <datafield tag="520" ind1="3" ind2=" ">
    <subfield code="a">Publicaci&#xF3;n destinada a magistrados administrativos y judiciales, abogados, as&#xED; como acad&#xE9;micos y que trata toda la actividad del Consejo Constitucional, en particular la de la cuesti&#xF3;n prioritaria de constitucionalidad (QPC).</subfield>
  </datafield>
  <datafield tag="610" ind1=" " ind2=" ">
    <subfield code="a">Francia.</subfield>
    <subfield code="b">Consejo Constitucional</subfield>
    <subfield code="9">202937</subfield>
  </datafield>
  <datafield tag="650" ind1=" " ind2="7">
    <subfield code="2">lemb</subfield>
    <subfield code="a">Derecho constitucional</subfield>
  </datafield>
  <datafield tag="651" ind1=" " ind2="7">
    <subfield code="2">lemb</subfield>
    <subfield code="a">Francia</subfield>
    <subfield code="z">Derecho constitucional</subfield>
    <subfield code="9">202938</subfield>
  </datafield>
  <datafield tag="655" ind1=" " ind2="7">
    <subfield code="2">lemb</subfield>
    <subfield code="a">Publicaciones peri&#xF3;dicas</subfield>
  </datafield>
  <datafield tag="856" ind1=" " ind2=" ">
    <subfield code="u">https://www.conseil-constitutionnel.fr/rubrique-principale/nouveaux-cahiers-du-conseil-constitutionnel</subfield>
    <subfield code="y">Versi&#xF3;n electr&#xF3;nica de la revista</subfield>
  </datafield>
  <datafield tag="942" ind1=" " ind2=" ">
    <subfield code="2">ddc</subfield>
    <subfield code="c">CR</subfield>
  </datafield>
  <datafield tag="999" ind1=" " ind2=" ">
    <subfield code="c">114414</subfield>
    <subfield code="d">114414</subfield>
  </datafield>
  <datafield tag="952" ind1=" " ind2=" ">
    <subfield code="0">0</subfield>
    <subfield code="1">0</subfield>
    <subfield code="2">ddc</subfield>
    <subfield code="4">0</subfield>
    <subfield code="7">0</subfield>
    <subfield code="8">HEM</subfield>
    <subfield code="a">Principal</subfield>
    <subfield code="b">Principal</subfield>
    <subfield code="d">2026-03-04</subfield>
    <subfield code="h">N&#xFA;mero 29 (abril-junio 2010)</subfield>
    <subfield code="l">0</subfield>
    <subfield code="o">PP 342.44 F817n</subfield>
    <subfield code="p">R260009</subfield>
    <subfield code="r">2026-03-04 14:34:44</subfield>
    <subfield code="t">Ej. 1</subfield>
    <subfield code="w">2026-03-04</subfield>
    <subfield code="y">CR</subfield>
  </datafield>
  <datafield tag="952" ind1=" " ind2=" ">
    <subfield code="0">0</subfield>
    <subfield code="1">0</subfield>
    <subfield code="2">ddc</subfield>
    <subfield code="4">0</subfield>
    <subfield code="7">0</subfield>
    <subfield code="8">HEM</subfield>
    <subfield code="a">Principal</subfield>
    <subfield code="b">Principal</subfield>
    <subfield code="d">2026-03-04</subfield>
    <subfield code="h">N&#xFA;mero 32 (enero-marzo 2011)</subfield>
    <subfield code="l">0</subfield>
    <subfield code="o">PP 342.44 F817n</subfield>
    <subfield code="p">R260010</subfield>
    <subfield code="r">2026-03-04 14:35:38</subfield>
    <subfield code="t">Ej. 1</subfield>
    <subfield code="w">2026-03-04</subfield>
    <subfield code="y">CR</subfield>
  </datafield>
  <datafield tag="952" ind1=" " ind2=" ">
    <subfield code="0">0</subfield>
    <subfield code="1">0</subfield>
    <subfield code="2">ddc</subfield>
    <subfield code="4">0</subfield>
    <subfield code="7">0</subfield>
    <subfield code="8">HEM</subfield>
    <subfield code="a">Principal</subfield>
    <subfield code="b">Principal</subfield>
    <subfield code="d">2026-05-14</subfield>
    <subfield code="h">N&#xFA;mero 31 (octubre-diciembre 2010)</subfield>
    <subfield code="l">0</subfield>
    <subfield code="o">PP 342.44 F817n</subfield>
    <subfield code="p">R260050</subfield>
    <subfield code="r">2026-05-14 09:41:11</subfield>
    <subfield code="t">Ej. 1</subfield>
    <subfield code="w">2026-05-14</subfield>
    <subfield code="y">CR</subfield>
  </datafield>
</record>
